[Event "8th Sharjah Masters 2025"]
[Site "Sharjah UAE"]
[Date "2025.05.19"]
[Round "3.4"]
[White "Vetokhin, Savva"]
[Black "Tabatabaei, M. Amin"]
[Result "1/2-1/2"]
[WhiteTitle "GM"]
[BlackTitle "GM"]
[WhiteElo "2558"]
[BlackElo "2670"]
[WhiteFideId "44144474"]
[BlackFideId "12521213"]
[EventDate "2025.05.17"]

1. d4 Nf6 2. c4 e6 3. Nc3 Bb4 4. e3 b6 5. Nf3 Bb7 6. Bd3 Bxc3+ 7. bxc3 O-O 8.
O-O c5 9. a4 d6 10. Nd2 Nc6 11. Bb2 Rb8 12. e4 e5 13. d5 Ne7 14. Re1 Bc8 15. Nf1
Kh8 16. Bc1 Ng6 17. g3 Bg4 18. f3 Bc8 19. Ne3 Ng8 20. Ra2 N6e7 21. f4 exf4 22.
gxf4 Ng6 23. Ng2 Nh6 24. Qf3 Re8 25. Qg3 Qd7 26. Rae2 Qh3 27. e5 Qxg3 28. hxg3
dxe5 29. Bxg6 hxg6 30. fxe5 Bd7 31. e6 fxe6 32. dxe6 Bxa4 33. Ra2 Bb3 34. Rxa7
Bxc4 35. Bxh6 gxh6 36. Nf4 Kg8 37. Re4 b5 38. Nxg6 Rxe6 39. Rg4 Be2 40. Ne7+ Kh8
41. Ng6+ Kg8 1/2-1/2

[Event "8th Sharjah Masters 2025"]
[Site "Sharjah UAE"]
[Date "2025.05.19"]
[Round "3.5"]
[White "Zhu, Jiner"]
[Black "Salem, A.R. Saleh"]
[Result "1/2-1/2"]
[WhiteTitle "GM"]
[BlackTitle "GM"]
[WhiteElo "2541"]
[BlackElo "2631"]
[WhiteFideId "8608059"]
[BlackFideId "9301348"]
[EventDate "2025.05.17"]

1. e4 c5 2. Nf3 d6 3. d4 cxd4 4. Nxd4 Nf6 5. Nc3 a6 6. Be3 e6 7. Be2 Be7 8. f4
O-O 9. g4 d5 10. e5 Ne4 11. Nxe4 dxe4 12. O-O Qc7 13. c3 Nd7 14. Nb3 b6 15. Qe1
Bb7 16. Rd1 b5 17. Qf2 Rae8 18. Rd2 f6 19. Rfd1 Bc8 20. Nd4 Nc5 21. exf6 Rxf6
22. Qg3 Nd3 23. Bxd3 exd3 24. Rxd3 Bb7 25. g5 Rf7 26. Nxe6 Qc8 27. Nd4 Bc5 28.
h3 Ba8 29. Kh2 Bd6 30. Nf5 Bxf4 31. Qxf4 Rxf5 32. Rd8 Rxd8 33. Rxd8+ Qxd8 34.
Qxf5 Qd6+ 35. Qf4 1/2-1/2

[Event "8th Sharjah Masters 2025"]
[Site "Sharjah UAE"]
[Date "2025.05.19"]
[Round "3.6"]
[White "Sargsyan, Shant"]
[Black "Woodward, Andy"]
[Result "1/2-1/2"]
[WhiteTitle "GM"]
[BlackTitle "GM"]
[WhiteElo "2666"]
[BlackElo "2547"]
[WhiteFideId "13306766"]
[BlackFideId "30953499"]
[EventDate "2025.05.17"]

1. c4 Nf6 2. Nf3 g6 3. Nc3 d5 4. cxd5 Nxd5 5. h4 Bg7 6. h5 Nc6 7. d4 Bf5 8. Rh4
Bf6 9. g4 Bxh4 10. gxf5 e6 11. Qb3 Nxd4 12. Nxd4 Bxf2+ 13. Kxf2 Qh4+ 14. Kf3
O-O-O 15. Ndb5 Qxh5+ 16. Kf2 Qh4+ 17. Kf3 Qh5+ 18. Kf2 Qh4+ 19. Kf3 1/2-1/2

[Event "8th Sharjah Masters 2025"]
[Site "Sharjah UAE"]
[Date "2025.05.19"]
[Round "3.7"]
[White "Zemlyanskii, Ivan"]
[Black "Nguyen, Ngoc Truong Son"]
[Result "1-0"]
[WhiteTitle "GM"]
[BlackTitle "GM"]
[WhiteElo "2563"]
[BlackElo "2632"]
[WhiteFideId "24249971"]
[BlackFideId "12401110"]
[EventDate "2025.05.17"]

1. e4 e5 2. Nf3 Nc6 3. Bb5 Nf6 4. d3 Bc5 5. Bxc6 dxc6 6. Nbd2 Be6 7. O-O Nd7 8.
Nb3 Bb6 9. Ng5 Bxb3 10. axb3 f6 11. Nf3 Qe7 12. Be3 O-O 13. Nh4 Qe6 14. Nf5 g6
15. Nh4 a6 16. Bd2 Rf7 17. Kh1 Re8 18. Bc3 Bc5 19. Nf3 Bf8 20. Nd2 Bg7 21. Nc4
f5 22. exf5 gxf5 23. f4 Qg6 24. fxe5 b5 25. Nd2 c5 26. Nf3 b4 27. e6 Rxe6 28.
Bxg7 Qxg7 29. Qd2 Rfe7 30. Rf2 Nf6 31. Nh4 Ng4 32. Nxf5 Nxf2+ 33. Qxf2 Rf6 34.
Qxc5 Rxf5 35. Qxf5 Rf7 36. Qd5 Qf6 37. h3 Kg7 38. Qe4 h6 39. Re1 1-0

[Event "8th Sharjah Masters 2025"]
[Site "Sharjah UAE"]
[Date "2025.05.19"]
[Round "3.8"]
[White "Idani, Pouya"]
[Black "Nikitenko, Mihail"]
[Result "0-1"]
[WhiteTitle "GM"]
[BlackTitle "GM"]
[WhiteElo "2630"]
[BlackElo "2516"]
[WhiteFideId "12510130"]
[BlackFideId "13506862"]
[EventDate "2025.05.17"]

1. e4 c5 2. Nf3 Nc6 3. d4 cxd4 4. Nxd4 e6 5. Nc3 Qc7 6. Ncb5 Qb8 7. Bd3 Nf6 8.
O-O Be7 9. Qe2 O-O 10. Re1 Ne5 11. f4 Nxd3 12. cxd3 Bc5 13. Be3 d6 14. Nc3 e5
15. Nb3 exf4 16. Bxc5 dxc5 17. e5 Re8 18. Nxc5 Bg4 19. Qf2 Re7 20. e6 Rxe6 21.
h3 Re5 22. Rxe5 Bh5 23. Rd1 Qxe5 24. Re1 Qc7 25. N5e4 Nxe4 26. Rxe4 f3 27. Rc4
Qd8 28. Rc5 Bg6 29. Rd5 Qc7 30. Qxf3 Re8 31. Qf2 h6 32. a3 Re6 33. Rd4 Qe7 34.
Nd5 Re1+ 35. Kh2 Qe5+ 36. Nf4 Rb1 37. Rd5 Rxb2 38. Rxe5 Rxf2 39. Nxg6 fxg6 40.
Re7 Rf7 41. Re8+ Kh7 42. Rd8 g5 43. Rd6 Rc7 44. Kg3 Rf7 45. a4 b6 46. Rd5 Kg6
47. a5 Rf5 48. Rd6+ Rf6 49. Rd5 bxa5 50. Rxa5 a6 51. d4 Kf7 52. Re5 g6 53. Ra5
Ke7 54. h4 gxh4+ 55. Kxh4 Kd7 56. g4 Rd6 57. Kg3 Kc7 58. Ra1 Kb6 59. Rd1 Kc6 60.
Rh1 g5 61. Kf3 Rxd4 62. Rxh6+ Kb5 63. Rf6 Rc4 64. Rg6 Rc5 65. Rg8 Re5 66. Rb8+
Kc4 67. Rc8+ Rc5 68. Ra8 a5 69. Ke3 Re5+ 70. Kd2 Kb4 71. Rb8+ Rb5 72. Rg8 Kb3
73. Rf8 a4 74. Kc1 Rc5+ 75. Kb1 Rc4 76. Rf3+ Kb4 77. Rg3 Kc5 78. Kb2 Kd5 79. Rg1
Ke5 0-1

[Event "8th Sharjah Masters 2025"]
[Site "Sharjah UAE"]
[Date "2025.05.19"]
[Round "3.9"]
[White "Grebnev, Aleksey"]
[Black "Ivic, Velimir"]
[Result "1/2-1/2"]
[WhiteTitle "GM"]
[BlackTitle "GM"]
[WhiteElo "2556"]
[BlackElo "2630"]
[WhiteFideId "34189030"]
[BlackFideId "950122"]
[EventDate "2025.05.17"]

1. e4 e5 2. Nf3 Nc6 3. Bc4 Nf6 4. d3 Be7 5. O-O O-O 6. Nc3 d6 7. a4 Na5 8. Ba2
Nc6 9. Bc4 Na5 10. Ba2 Nc6 11. Re1 Be6 12. Bc4 Nb4 13. a5 c5 14. h3 h6 15. Bd2
Rb8 16. b3 Ne8 17. Nd5 Nxd5 18. exd5 Bf5 19. b4 cxb4 20. Bxb4 Bg6 21. Bd2 Nf6
22. Be3 a6 23. Qd2 Nd7 24. Rab1 Qc7 25. Qb4 Rfc8 26. Ba7 Ra8 27. Be3 Rab8 28.
Ba7 Ra8 29. Be3 1/2-1/2

[Event "8th Sharjah Masters 2025"]
[Site "Sharjah UAE"]
[Date "2025.05.19"]
[Round "3.10"]
[White "Sanal, Vahap"]
[Black "Theodorou, Nikolas"]
[Result "0-1"]
[WhiteTitle "GM"]
[BlackTitle "GM"]
[WhiteElo "2555"]
[BlackElo "2611"]
[WhiteFideId "6300545"]
[BlackFideId "4262875"]
[EventDate "2025.05.17"]

1. d4 Nf6 2. Nf3 d5 3. e3 e6 4. c4 Be7 5. b3 O-O 6. Bb2 c5 7. Nbd2 Nc6 8. Be2
dxc4 9. bxc4 b6 10. O-O Bb7 11. Nb3 cxd4 12. exd4 Qc7 13. a3 Rad8 14. Qc2 Bd6
15. Rfd1 Ne7 16. g3 Nf5 17. Rac1 Ne4 18. c5 Nxf2 19. cxd6 Qxc2 20. Rxc2 Nxd1 21.
Bxd1 Ne3 0-1

[Event "8th Sharjah Masters 2025"]
[Site "Sharjah UAE"]
[Date "2025.05.19"]
[Round "3.11"]
[White "Ohanyan, Emin"]
[Black "Tin, Jingyao"]
[Result "1/2-1/2"]
[WhiteTitle "GM"]
[BlackTitle "GM"]
[WhiteElo "2503"]
[BlackElo "2601"]
[WhiteFideId "13312022"]
[BlackFideId "5804418"]
[EventDate "2025.05.17"]

1. d4 Nf6 2. c4 e6 3. Nf3 d5 4. Nc3 Nbd7 5. Bg5 Be7 6. e3 O-O 7. Be2 h6 8. Bh4
b6 9. cxd5 Nxd5 10. Nxd5 Bxh4 11. Nxh4 exd5 12. Nf3 Bb7 13. O-O c5 14. b3 Nf6
15. Rc1 Qe7 16. Qc2 Rfc8 17. Qb2 Rc7 18. Rc2 Bc8 19. Bd3 Be6 20. Rfc1 Rac8 21.
Ne5 a5 22. a4 1/2-1/2

[Event "8th Sharjah Masters 2025"]
[Site "Sharjah UAE"]
[Date "2025.05.19"]
[Round "3.12"]
[White "Aditya, Mittal"]
[Black "Sargissian, Gabriel"]
[Result "1-0"]
[WhiteTitle "GM"]
[BlackTitle "GM"]
[WhiteElo "2547"]
[BlackElo "2641"]
[WhiteFideId "35042025"]
[BlackFideId "13300881"]
[EventDate "2025.05.17"]

1. e4 e5 2. Nf3 Nc6 3. Bc4 Nf6 4. Ng5 d5 5. exd5 Na5 6. Bb5+ c6 7. dxc6 bxc6 8.
Bd3 Nd5 9. Nf3 Bd6 10. O-O Nf4 11. Nc3 Nxd3 12. cxd3 O-O 13. b3 Re8 14. Re1 f6
15. Ne4 Bf8 16. Bb2 c5 17. Ba3 Nb7 18. b4 Qxd3 19. Re3 Qd5 20. bxc5 Bf5 21. Nc3
Qf7 22. d4 Na5 23. Nb5 Rab8 24. Nd6 Bxd6 25. cxd6 Nc4 26. Rc3 Nxa3 27. Rxa3 e4
28. Nd2 Qd5 29. Nf1 Qxd6 30. Rxa7 Rb4 31. Ne3 Bg6 32. Rc1 Reb8 33. h4 h5 34. Qc2
Rxd4 35. Qc7 Qxc7 36. Rcxc7 Kh7 37. Rxg7+ Kh6 38. g4 hxg4 39. Nxg4+ Kh5 40.
Nxf6+ Kh6 41. Ng8+ Kh5 42. Ra5+ Kxh4 43. Rxg6 1-0

[Event "8th Sharjah Masters 2025"]
[Site "Sharjah UAE"]
[Date "2025.05.19"]
[Round "3.13"]
[White "Azarov, Sergei"]
[Black "Klimkowski, Jan"]
[Result "1/2-1/2"]
[WhiteTitle "GM"]
[BlackTitle "GM"]
[WhiteElo "2596"]
[BlackElo "2503"]
[WhiteFideId "13501470"]
[BlackFideId "21856222"]
[EventDate "2025.05.17"]

1. e4 c5 2. Nf3 d6 3. d4 cxd4 4. Nxd4 Nf6 5. Nc3 a6 6. Bg5 e6 7. Qe2 Be7 8. h4
h6 9. Bd2 b5 10. a3 e5 11. Nf5 Bxf5 12. exf5 Nc6 13. g4 Nd4 14. Qd1 Rc8 15. Bg2
Rc4 16. O-O Qc8 17. Be3 h5 18. g5 Nxf5 19. gxf6 Rg4 20. fxe7 Nxh4 21. Re1 Nxg2
22. Kf1 Nxe1 23. Qxe1 d5 24. f3 Rg6 25. Nxd5 Rd6 26. Nc3 h4 27. Ne4 Rd7 28. Bc5
Rh6 29. b4 f5 30. Ng5 Rd5 31. Qe3 h3 32. Kg1 h2+ 33. Kh1 Qc6 34. Re1 Rh5 35. Ne4
fxe4 36. fxe4 Rxc5 37. bxc5 Rh4 38. Qb3 Kxe7 39. Qg3 Qf6 40. c6 Rf4 41. Qc3 Rf1+
42. Rxf1 Qxf1+ 43. Kxh2 Qf2+ 44. Kh3 Qf1+ 45. Kh2 Qf2+ 46. Kh3 Qf1+ 1/2-1/2

[Event "8th Sharjah Masters 2025"]
[Site "Sharjah UAE"]
[Date "2025.05.19"]
[Round "3.14"]
[White "Kozak, Adam"]
[Black "Mamedov, Edgar"]
[Result "1-0"]
[WhiteTitle "GM"]
[BlackTitle "IM"]
[WhiteElo "2578"]
[BlackElo "2492"]
[WhiteFideId "753246"]
[BlackFideId "13739980"]
[EventDate "2025.05.17"]

1. d4 d5 2. c4 e6 3. Nc3 Nf6 4. cxd5 exd5 5. Bg5 Be7 6. e3 h6 7. Bh4 Bg4 8. Qc2
O-O 9. h3 Be6 10. Nge2 c5 11. dxc5 Nbd7 12. Rd1 Nxc5 13. Bxf6 Bxf6 14. Nxd5 Rc8
15. Nef4 Be5 16. b4 Na6 17. Qe4 Bxd5 18. Qxe5 Nxb4 19. Nxd5 Re8 20. Qf5 Nc2+ 21.
Ke2 Re6 22. Rd2 g6 23. Qd3 Qa5 24. g4 Nb4 25. Nxb4 Qxb4 26. Bg2 Rc3 27. Rb1 Qa5
28. Qd8+ Qxd8 1-0

[Event "8th Sharjah Masters 2025"]
[Site "Sharjah UAE"]
[Date "2025.05.19"]
[Round "3.15"]
[White "Assaubayeva, Bibisara"]
[Black "Karthik, Venkataraman"]
[Result "1/2-1/2"]
[WhiteTitle "IM"]
[BlackTitle "GM"]
[WhiteElo "2494"]
[BlackElo "2565"]
[WhiteFideId "13708694"]
[BlackFideId "25006479"]
[EventDate "2025.05.17"]

1. e4 c6 2. d4 d5 3. exd5 cxd5 4. c4 Nf6 5. Nc3 g6 6. cxd5 Nxd5 7. Bc4 Nb6 8.
Bb3 Bg7 9. Nf3 O-O 10. O-O Nc6 11. d5 Na5 12. h3 Nxb3 13. axb3 Nd7 14. Bf4 Nf6
15. Be5 Bd7 16. Re1 Re8 17. Re3 b5 18. Qd4 a5 19. Rae1 b4 20. Ne4 Nxe4 21. Rxe4
f6 22. Bg3 Bf5 23. R4e2 Qd7 24. Rd2 Qa7 25. Qxa7 Rxa7 26. Nd4 Bh6 27. Rdd1 Rd7
28. d6 Kf7 29. dxe7 Rdxe7 30. Rxe7+ Rxe7 31. Ra1 1/2-1/2

[Event "8th Sharjah Masters 2025"]
[Site "Sharjah UAE"]
[Date "2025.05.19"]
[Round "3.16"]
[White "Ahmadzada, Ahmad"]
[Black "Oro, Faustino"]
[Result "1/2-1/2"]
[WhiteTitle "GM"]
[BlackTitle "IM"]
[WhiteElo "2564"]
[BlackElo "2454"]
[WhiteFideId "13413007"]
[BlackFideId "20000197"]
[EventDate "2025.05.17"]

1. e4 c6 2. Nf3 d5 3. Nc3 dxe4 4. Nxe4 Nf6 5. Qe2 Nxe4 6. Qxe4 Nd7 7. d4 Nf6 8.
Qd3 g6 9. Be2 Bf5 10. Qb3 Qb6 11. c3 Be4 12. O-O Qxb3 13. axb3 Bxf3 14. Bxf3 a6
15. b4 Rd8 16. b5 axb5 17. Ra7 Rd7 18. Bg5 Nd5 19. Ra8+ Rd8 20. Ra7 Rd7 21. Re1
Nb6 22. b3 h5 23. d5 Nxd5 24. c4 bxc4 25. bxc4 Nb4 26. Rb1 f6 27. Rxb4 fxg5 28.
Rbxb7 Rxb7 29. Bxc6+ Kf7 30. Rxb7 Kf6 31. Bd5 Kf5 32. Rb6 Bg7 33. Be6+ Ke5 34.
Bd7 Ra8 35. g3 Bf6 36. c5 Ra1+ 37. Kg2 Rc1 38. Re6+ Kd5 39. c6 Rc2 40. Kf1 g4
41. Re2 Rc1+ 42. Re1 Rc2 43. Be8 Bd4 44. Re2 Rc1+ 45. Kg2 g5 46. Bxh5 Rxc6 47.
Re5+ 1/2-1/2

[Event "8th Sharjah Masters 2025"]
[Site "Sharjah UAE"]
[Date "2025.05.19"]
[Round "3.17"]
[White "Nigmatov, Ortik"]
[Black "Akobian, Varuzhan"]
[Result "1-0"]
[WhiteTitle "GM"]
[BlackTitle "GM"]
[WhiteElo "2457"]
[BlackElo "2564"]
[WhiteFideId "14202131"]
[BlackFideId "13300580"]
[EventDate "2025.05.17"]

1. e4 e6 2. d4 d5 3. Nd2 c5 4. exd5 Qxd5 5. Ngf3 cxd4 6. Bc4 Qd6 7. Ne4 Qb4+ 8.
Nfd2 Nc6 9. O-O Nf6 10. c3 Qb6 11. Nxf6+ gxf6 12. Ne4 Be7 13. cxd4 Qxd4 14. Qe2
f5 15. Nc3 a6 16. Rd1 Qg4 17. f3 Qh4 18. Be3 O-O 19. Bb6 Bd8 20. Bc5 b5 21. Bxf8
Kxf8 22. Rd6 Nd4 23. Qe5 Bf6 24. Qc5 Kg7 25. Bf1 Bb7 26. Rd1 Nxf3+ 27. gxf3 Bxf3
28. Bg2 Bxd1 29. Bxa8 Qe1+ 30. Kg2 Bg4 31. Rd3 b4 32. Qxb4 e5 33. Qc5 e4 34. Rg3
h5 35. Qf2 Qc1 36. Qxf5 Qxb2+ 37. Qf2 Bxc3 38. Qxb2 Bxb2 39. h3 f5 40. hxg4 hxg4
41. Rb3 Be5 42. Rb6 e3 43. Re6 Bd4 44. Kg3 a5 45. Bd5 a4 46. Kf4 1-0

[Event "8th Sharjah Masters 2025"]
[Site "Sharjah UAE"]
[Date "2025.05.19"]
[Round "3.19"]
[White "Sevian, Samuel"]
[Black "Bharath, Subramaniyam H"]
[Result "1/2-1/2"]
[WhiteTitle "GM"]
[BlackTitle "GM"]
[WhiteElo "2694"]
[BlackElo "2556"]
[WhiteFideId "2040506"]
[BlackFideId "46634827"]
[EventDate "2025.05.17"]

1. d4 Nf6 2. c4 e6 3. Nc3 d5 4. cxd5 exd5 5. Bg5 Be7 6. e3 h6 7. Bh4 O-O 8. Bd3
Re8 9. Nf3 c6 10. Bg3 Nh5 11. Be5 Nd7 12. h3 Nxe5 13. dxe5 g6 14. Qc2 Bf8 15.
Rd1 Qe7 16. a3 Bd7 17. O-O Bg7 18. Qb3 Rab8 19. Qa4 Bxe5 20. Nxe5 Qxe5 21. Qxa7
Nf6 22. Qb6 Bf5 23. Qb4 Be4 24. Bxe4 Nxe4 25. Nxe4 Qxe4 26. Rd4 Qe7 27. Qb6 Qd8
28. Qa7 Re7 29. Rfd1 Qd6 30. Qb6 Rbe8 31. Rxd5 Qxd5 32. Rxd5 cxd5 33. Qd6 Re6
34. Qxd5 b6 35. g4 Rc8 36. Qd3 Rec6 37. Kg2 Rc2 38. Qd4 R8c6 39. Kg3 Re2 40. b3
Rec2 41. a4 R2c3 42. Qe5 R3c5 43. Qe4 Re6 44. Qa8+ Kg7 45. Qd8 Rc2 46. Qd4+ Kg8
47. h4 Rec6 48. Qf4 Kg7 49. Qe5+ Kg8 50. b4 Re6 51. Qf4 Kg7 52. Qd4+ Kg8 53.
Qd8+ Kg7 54. Qd3 Rcc6 55. Qb5 Rc8 56. Qd5 Kg8 57. Qb7 Rce8 58. a5 bxa5 59. bxa5
R6e7 60. Qc6 Re6 61. Qb7 R6e7 62. Qb5 Re5 63. Qa4 Re4 64. Qb3 R4e6 65. Qb7 1/2-1/2

[Event "8th Sharjah Masters 2025"]
[Site "Sharjah UAE"]
[Date "2025.05.19"]
[Round "3.20"]
[White "Mendonca, Leon Luke"]
[Black "Gavrilescu, David"]
[Result "1-0"]
[WhiteTitle "GM"]
[BlackTitle "GM"]
[WhiteElo "2630"]
[BlackElo "2554"]
[WhiteFideId "35028561"]
[BlackFideId "1227190"]
[EventDate "2025.05.17"]

1. e4 c5 2. Nf3 d6 3. d4 cxd4 4. Nxd4 Nf6 5. Nc3 a6 6. Be3 e5 7. Nf3 Be7 8. Nd2
b5 9. a4 b4 10. Nd5 Nxd5 11. exd5 O-O 12. a5 f5 13. Nc4 Nd7 14. f3 Bh4+ 15. g3
f4 16. Bf2 e4 17. fxe4 Bg5 18. Qd3 Nf6 19. Bg2 Ng4 20. Bb6 Qe7 21. O-O Bd7 22.
h3 Ne5 23. Nxe5 Qxe5 24. Bd4 Qe7 25. c4 bxc3 26. bxc3 Rab8 27. c4 Rbc8 28. Rab1
fxg3 29. Rxf8+ Rxf8 30. Qxg3 Bf4 31. Qc3 Qg5 32. Rb7 Rf7 33. Rb8+ Rf8 34. Rxf8+
Kxf8 35. c5 dxc5 36. Qxc5+ Ke8 37. Qc3 Bd2 38. Qf3 Bxa5 39. e5 Qc1+ 40. Qf1
Qxf1+ 41. Bxf1 Bb5 42. e6 Bb4 43. Bxg7 Bc5+ 44. Kg2 Ke7 45. Bxb5 axb5 46. Kf3
Bd6 47. Ke4 Bc7 48. Be5 Bb6 49. Kf5 Bc5 50. d6+ 1-0

[Event "8th Sharjah Masters 2025"]
[Site "Sharjah UAE"]
[Date "2025.05.19"]
[Round "3.21"]
[White "Xiao, Tong(QD)"]
[Black "Xu, Xiangyu"]
[Result "1/2-1/2"]
[WhiteTitle "GM"]
[BlackTitle "GM"]
[WhiteElo "2493"]
[BlackElo "2623"]
[WhiteFideId "8622388"]
[BlackFideId "8608288"]
[EventDate "2025.05.17"]

1. e4 c5 2. Nf3 d6 3. d4 cxd4 4. Nxd4 Nf6 5. Nc3 g6 6. Be3 Bg7 7. f3 a6 8. Qd2
h5 9. Bc4 b5 10. Bb3 Bb7 11. a4 bxa4 12. Bxa4+ Nbd7 13. Nc6 Qc7 14. Na5 O-O 15.
Nxb7 Qxb7 16. O-O Rfc8 17. Bxd7 Nxd7 18. Nd5 Kf8 19. Bd4 Bxd4+ 20. Qxd4 Qa7 21.
Qxa7 Rxa7 22. Ne3 1/2-1/2

[Event "8th Sharjah Masters 2025"]
[Site "Sharjah UAE"]
[Date "2025.05.19"]
[Round "3.22"]
[White "Daneshvar, Bardiya"]
[Black "Lobanov, Sergei"]
[Result "1-0"]
[WhiteTitle "GM"]
[BlackTitle "GM"]
[WhiteElo "2621"]
[BlackElo "2527"]
[WhiteFideId "12576468"]
[BlackFideId "24183750"]
[EventDate "2025.05.17"]

1. e4 e5 2. Nf3 Nc6 3. Bc4 Nf6 4. d3 Be7 5. O-O O-O 6. Re1 d6 7. a3 a5 8. h3 Be6
9. Nc3 h6 10. b3 Qd7 11. Bb5 Qd8 12. d4 Nxd4 13. Nxd4 exd4 14. Qxd4 Nd7 15. Bb2
Bf6 16. Qd2 g5 17. Bxd7 Bxd7 18. Nd1 Re8 19. f3 b6 20. Bd4 Be6 21. Nc3 Kg7 22.
Nb5 Rc8 23. Re3 Bd7 24. Nc3 Be6 25. Ne2 Bxd4 26. Nxd4 Qf6 27. Rf1 Kh8 28. f4
gxf4 29. Rg3 Qh4 30. Qxf4 Qxf4 31. Rxf4 Rg8 32. Rxg8+ Rxg8 33. Nxe6 fxe6 34. Rf6
Rg3 35. e5 Kg7 36. Rxe6 dxe5 37. Rc6 a4 38. Rxc7+ Kg8 39. Rc6 Kg7 40. Kf2 1-0

[Event "8th Sharjah Masters 2025"]
[Site "Sharjah UAE"]
[Date "2025.05.19"]
[Round "3.23"]
[White "Huang, Renjie"]
[Black "Paravyan, David"]
[Result "1/2-1/2"]
[BlackTitle "GM"]
[WhiteElo "2491"]
[BlackElo "2596"]
[WhiteFideId "8610134"]
[BlackFideId "4194985"]
[EventDate "2025.05.17"]

1. e4 e5 2. Nf3 Nf6 3. Nc3 Nc6 4. Bb5 Nd4 5. O-O c6 6. Bd3 Nxf3+ 7. Qxf3 d6 8.
Bc4 Be7 9. a4 O-O 10. d3 Kh8 11. a5 Ne8 12. Qe2 f5 13. f4 fxe4 14. dxe4 Nf6 15.
fxe5 Ng4 16. Rxf8+ Qxf8 17. Qf1 Bd7 18. h3 Nxe5 19. Qxf8+ Rxf8 20. Bb3 g5 21.
Be3 a6 22. Rd1 g4 23. Bh6 Rd8 24. h4 Bxh4 25. Rxd6 Be7 26. Rd1 Be8 27. Rf1 Bg6
28. Kh2 Re8 29. Ne2 Bxe4 30. Ng3 Bd5 31. Bxd5 cxd5 32. Nf5 Bf8 33. Be3 Nc6 34.
Kg3 Re4 35. Bd2 Re2 1/2-1/2

[Event "8th Sharjah Masters 2025"]
[Site "Sharjah UAE"]
[Date "2025.05.19"]
[Round "3.24"]
[White "Iniyan, Pa"]
[Black "Samadov, Read"]
[Result "1-0"]
[WhiteTitle "GM"]
[BlackTitle "IM"]
[WhiteElo "2573"]
[BlackElo "2521"]
[WhiteFideId "25002767"]
[BlackFideId "13417444"]
[EventDate "2025.05.17"]

1. d4 Nf6 2. c4 e6 3. Nf3 d5 4. Nc3 Nbd7 5. cxd5 exd5 6. Bf4 Nb6 7. h3 c6 8. e3
Bf5 9. g4 Be6 10. Bd3 Bd6 11. Qc2 Qb8 12. Ne2 h6 13. Bg3 Bxg3 14. Nxg3 Qd6 15.
Ne5 Nfd7 16. f4 O-O-O 17. a4 f6 18. Ng6 Rhe8 19. a5 Nc4 20. Kf2 Bf7 21. Rhe1 Qc7
22. a6 b6 23. Nh5 Bxg6 24. Bxg6 Re7 25. e4 Nf8 26. exd5 cxd5 27. Rxe7 Qxe7 28.
Re1 Qb4 29. b3 Nxg6 30. bxc4 Ne7 31. c5 Qxd4+ 32. Kg2 Kd7 33. cxb6 axb6 34. Nxg7
Qb4 35. Qe2 Ng6 36. Qe6+ Kc7 37. Qf7+ Kc6 38. Re6+ Rd6 39. Qe8+ Kc7 40. Qxg6
Qd2+ 41. Kg3 Rxe6 42. Qf7+ 1-0

[Event "8th Sharjah Masters 2025"]
[Site "Sharjah UAE"]
[Date "2025.05.19"]
[Round "3.25"]
[White "Kacharava, Nikolozi"]
[Black "Bai, Jinshi"]
[Result "1-0"]
[WhiteTitle "GM"]
[BlackTitle "GM"]
[WhiteElo "2516"]
[BlackElo "2572"]
[WhiteFideId "13611860"]
[BlackFideId "8602280"]
[EventDate "2025.05.17"]

1. e4 c5 2. Nf3 e6 3. d4 cxd4 4. Nxd4 Nf6 5. Nc3 Nc6 6. a3 d5 7. exd5 Nxd5 8.
Nxd5 Qxd5 9. Nxc6 Qxc6 10. Be3 Bd7 11. Qd2 Bc5 12. O-O-O O-O-O 13. Qc3 Bxe3+ 14.
Qxe3 Qb6 15. Qf4 f6 16. Qg3 e5 17. Qxg7 Bf5 18. Bd3 e4 19. Bc4 Be6 20. Bxe6+
Qxe6 21. Rxd8+ Rxd8 22. Rd1 Rxd1+ 23. Kxd1 Qf5 24. Ke1 h5 25. Qe7 a6 26. b4 Qf4
27. Qc5+ Kb8 28. Qxh5 f5 29. Ke2 Qe5 30. g4 Qb5+ 31. Ke1 e3 32. Qxf5 1-0

[Event "8th Sharjah Masters 2025"]
[Site "Sharjah UAE"]
[Date "2025.05.19"]
[Round "3.26"]
[White "Samunenkov, Ihor"]
[Black "Ilamparthi, A R"]
[Result "0-1"]
[WhiteTitle "GM"]
[BlackTitle "IM"]
[WhiteElo "2572"]
[BlackElo "2469"]
[WhiteFideId "14187086"]
[BlackFideId "45015775"]
[EventDate "2025.05.17"]

1. d4 d5 2. c4 e6 3. Nf3 Nf6 4. g3 Be7 5. Bg2 Ne4 6. O-O f5 7. Nc3 c6 8. Qc2 O-O
9. Ne5 Nd7 10. Nd3 a5 11. b3 b6 12. cxd5 cxd5 13. Nxe4 fxe4 14. Qc6 Ra7 15.
Qxe6+ Rf7 16. Nf4 Nf6 17. Qc6 Bd7 18. Qc2 Rc7 19. Qd1 g5 20. Nh3 h6 21. f3 Bd6
22. Nf2 Qe7 23. fxe4 dxe4 24. Bb2 Rc8 25. Rc1 Rcf8 26. Qc2 Bf5 27. e3 Nd5 28.
Qe2 h5 29. a3 g4 30. Rce1 Qe6 31. Kh1 h4 32. gxh4 Rh7 33. Nd1 Rxh4 34. Nc3 Nxc3
35. Bxc3 Qxb3 36. Rc1 Rxh2+ 37. Kg1 Qd5 38. Rb1 Rh5 0-1

[Event "8th Sharjah Masters 2025"]
[Site "Sharjah UAE"]
[Date "2025.05.19"]
[Round "3.27"]
[White "Siddharth, Jagadeesh"]
[Black "Amar, Elham"]
[Result "0-1"]
[WhiteTitle "GM"]
[BlackTitle "GM"]
[WhiteElo "2472"]
[BlackElo "2569"]
[WhiteFideId "5818320"]
[BlackFideId "1533533"]
[EventDate "2025.05.17"]

1. c4 e6 2. g3 d5 3. Bg2 Nf6 4. Nf3 Nc6 5. cxd5 exd5 6. O-O Bd6 7. b3 O-O 8. Bb2
Re8 9. d3 h6 10. a3 Bf5 11. b4 a6 12. Nbd2 Qe7 13. Re1 Rad8 14. Nb3 Ne5 15. Qd2
c6 16. Nxe5 Bxe5 17. Bd4 Bc8 18. Qb2 Bxd4 19. Qxd4 Nh7 20. Ra2 Ng5 21. h4 Ne6
22. Qb6 f5 23. f4 d4 24. e4 dxe3 25. Rxe3 Qc7 26. Qa7 Nf8 27. Rae2 Rxe3 28. Qxe3
Qd6 29. Nc5 Nd7 30. Nxd7 Bxd7 31. d4 Be8 32. Qe5 Qd7 33. d5 cxd5 34. Qxd5+ Qxd5
35. Bxd5+ Rxd5 36. Rxe8+ Kf7 37. Rb8 b5 38. Rb6 Rd3 39. Rxa6 Rxg3+ 40. Kf2 Rg4
41. Kf3 Rxh4 42. Ra5 Ke6 43. Kg3 Rg4+ 44. Kf3 g5 45. fxg5 hxg5 46. Rxb5 Rf4+ 47.
Kg2 Rc4 48. a4 Rc2+ 49. Kg3 Rc3+ 50. Kg2 Ra3 51. a5 g4 52. Rc5 Ra2+ 53. Kg3 Kf6
54. Kf4 Rf2+ 55. Kg3 Rf3+ 56. Kg2 Rb3 57. Rc2 Rf3 0-1